000 00445nam a2200121Ia 4500
005 20251206144430.0
008 251206s9999 xx 000 0 und d
082 _a940.1
_bTHI
100 _aதிலகவதி ஜகதீசன், அ.
245 0 _aஐரோப்பாவின் வரலாறு
260 _aசென்னை :
_bதமிழ்நாட்டுப் பாடநூல் நிறுவனம்
942 _cREF
999 _c601339
_d601339